Byzantium : an introduction to East Roman civilization /

محفوظ في:

مؤلفون آخرون: Moss, H. St. L. B., Baynes, Norman Hepburn, 1877-1961.

التنسيق: كتاب

اللغة: English

منشور في: Oxford : Clarendon Press, 1948.

الموضوعات:

الوسوم: إضافة وسم

لا توجد وسوم, كن أول من يضع وسما على هذه التسجيلة!

رقم الطلب: DF552 .B3 1948

LEADER 00770nam a2200229u 4500
001 rdb03424238
003 OSt
005 20231220093024.0
008 741028s1948 enkbf b 000 0 eng
999 |c 55142  |d 55142 
010 |a 49009360 
040 |c ARCE Library 
050 4 |a DF552 .B3 1948 
245 0 0 |a Byzantium :  |b an introduction to East Roman civilization /  |c ed. by Norman H. Baynes and H. St. L.B. Moss. 
260 |a Oxford :  |b Clarendon Press,  |c 1948. 
300 |a xxxi, 436 p., plates :   |b folded maps ;   |c 23 cm. 
504 |a "Bibliographical appendix": p. [392]-421. 
651 0 |a Byzantine Empire  |x Civilization. 
700 1 |a Moss, H. St. L. B.  |q (Henry St. Lawrence Beaufort) 
700 1 |a Baynes, Norman Hepburn,  |d 1877-1961. 
901 |a reviewed 
942 |2 lcc  |c BK